[Event "GAMMA Reykjavik Open 2019"]
[Site "Reykjavik"]
[Date "2019.04.09"]
[Round "3.2"]
[White "Praggnanandhaa R"]
[Black "L'Ami, Erwin"]
[Result "1/2-1/2"]
[WhiteElo "2537"]
[BlackElo "2647"]
[Annotator "TA"]
[PlyCount "68"]
[EventDate "2019.04.04"]
[EventType "swiss"]
[EventCountry "ISL"]
[SourceTitle "playchess.com"]
[Source "ChessBase"]
[SourceQuality "1"]

{[%evp 20,68,4,0,7,0,0,0,0,0,0,7,17,17,13,13,13,15,23,20,41,36,28,19,36,7,7,8,9,7,7,7,8,7,11,0,11,11,20,11,13,15,17,0,13,0,0,0,7,0,46]} 1. e4 e5 2. Nf3 Nc6 3. Bc4 Nf6 4. d3 Bc5 5. O-O h6 6. c3 d6 7. a4 {C54: Giuoco Piano: 4 c3 Nf6, main lines with 5 d4 and 5 d3} a5 8. Nbd2 O-O 9. Re1 Be6 10. Bxe6 fxe6 11. Nf1 {LiveBook: 4 Games} d5 $146 ({Predecessor:} 11... Ng4 12. Re2 Bb6 13. Ng3 Qe8 {1-0 (45) Kobalia,M (2599)-Diermair,A (2507) Batumi 2018}) 12. Be3 (12. Qb3 {is more complex.} Qd7 13. h3 b6 14. Ng3 d4 15. Bd2) 12... Bxe3 13. Rxe3 dxe4 14. dxe4 Qxd1 $1 15. Rxd1 Rfd8 16. N1d2 Nd7 17. Ra1 Nc5 18. Kf1 Kf7 19. h4 Rd3 20. Rxd3 Nxd3 21. Nc4 Ke7 22. g3 Rd8 {The position is equal.} 23. Ke2 Nc5 24. Nfxe5 Nxe5 25. Nxe5 Nxe4 $11 {[%mdl 4096] Endgame KRN-KRN} 26. Ke3 Nf6 27. Nd3 b6 28. f3 Nd5+ 29. Ke2 Kf6 30. Nf2 Ne7 31. Ng4+ Kf7 32. Ne5+ Kf6 33. Ng4+ Kf7 34. Ne5+ Kg8 {Precision: White = 73%, Black = 61%.} 1/2-1/2

[Event "GAMMA Reykjavik Open 2019"]
[Site "Reykjavik"]
[Date "2019.04.09"]
[Round "3.3"]
[White "Movsesian, Sergei"]
[Black "Gukesh D"]
[Result "1-0"]
[WhiteElo "2637"]
[BlackElo "2536"]
[Annotator "TA"]
[PlyCount "79"]
[EventDate "2019.04.04"]
[EventType "swiss"]
[EventCountry "ISL"]
[SourceTitle "playchess.com"]
[Source "ChessBase"]
[SourceQuality "1"]

{[%evp 15,79,0,0,0,9,0,11,0,0,-4,-2,-18,19,7,10,0,56,66,52,54,69,60,79,81,126,116,121,124,187,152,153,156,133,158,144,137,151,139,148,154,156,154,152,111,162,92,237,222,195,70,85,66,131,148,387,383,367,363,408,420,445,441,468,477,605,486]} 1. e4 c5 2. Nc3 Nc6 3. g3 g6 4. Bg2 Bg7 5. d3 d6 6. Be3 e5 7. Qd2 Be6 8. f4 Nge7 9. Nf3 {B26: Closed Sicilian: 3 g3, lines with early Be3} Nd4 10. O-O O-O 11. Ng5 {The position is equal.} (11. Rf2 Qd7 12. Ng5 exf4 13. Bxf4 Nec6 14. Nxe6 fxe6 15. Raf1 Ne5 16. h3 b5 17. Nd1 a5 18. Kh1 {1-0 (31) Li,R (2517)-Gindi,S (2337) Chicago 2016}) 11... Bd7 12. Rae1 $146 ({Predecessor:} 12. Rf2 Rb8 13. Raf1 f6 14. Nf3 b5 15. h3 b4 16. Ne2 Qa5 17. fxe5 dxe5 {1-0 (44) Lerch,P (2362)-Partos,C (2343) Baden 2011}) 12... f6 13. Nh3 Be6 14. Nd5 Rc8 15. c3 Nb5 (15... Bxd5 $1 $11 16. exd5 Ndf5) 16. Nxe7+ $14 Qxe7 17. f5 Bf7 18. g4 Kh8 19. Nf2 c4 20. a4 $36 {[%mdl 2048] White is really pushing.} Nc7 21. d4 b5 (21... b6 $16) 22. axb5 exd4 23. cxd4 Nxb5 24. g5 {Ng4 is the strong threat.} c3 25. bxc3 {Black must now prevent e5!} Bc4 26. Nd3 fxg5 27. Bxg5 Bf6 28. Bxf6+ Rxf6 29. Rf3 gxf5 (29... Bxd3 $16 {was necessary.} 30. Rxd3 gxf5) 30. e5 ({And not} 30. Rxf5 Rxf5 31. exf5 Qf7 $11) (30. exf5 $18 Qf7 31. Rg3) 30... Re6 (30... Rff8 $16) 31. Nf4 $18 ({Don't do} 31. Rxf5 $6 Rg8 $16) 31... Rh6 {[#]} 32. exd6 (32. e6 $1 $18 {[%mdl 512]}) 32... Qxd6 $14 33. Re5 a5 ({Black should play} 33... Qf6 $1 $14) 34. Qe3 {Strongly threatening Re8+.} ({Much weaker is} 34. Rxf5 $6 a4 $11) 34... Qf8 $2 {[#]} (34... Nc7 $16) 35. Rxb5 $1 {[%mdl 576] Decoy, Clearance} Bxb5 36. Qe5+ {[%mdl 64] Double Attack} Qf6 {And now ...Qxe5 would win.} 37. Qxb5 Rg8 38. Qxa5 {White is clearly winning.} Re8 39. h3 Qg5 40. Kh2 {Accuracy: White = 67%, Black = 45%.} 1-0

[Event "GAMMA Reykjavik Open 2019"]
[Site "Reykjavik"]
[Date "2019.04.09"]
[Round "3.4"]
[White "Brunello, Sabino"]
[Black "Lupulescu, Constantin"]
[Result "1/2-1/2"]
[WhiteElo "2534"]
[BlackElo "2634"]
[Annotator "TA"]
[PlyCount "71"]
[EventDate "2019.04.04"]
[EventType "swiss"]
[EventCountry "ISL"]
[SourceTitle "playchess.com"]
[Source "ChessBase"]
[SourceQuality "1"]

{[%evp 20,71,35,31,26,17,17,7,14,0,5,0,0,-7,-5,-8,-9,-48,-42,-35,-51,-49,-27,-35,-28,-30,-22,-35,-39,-31,-29,-40,-19,-23,-23,-41,-36,-51,-33,-33,-30,-25,-27,-45,-27,-28,-8,-2,0,0,0,0,0,-7]} 1. d4 Nf6 2. c4 e6 3. Nf3 d5 4. Nc3 Nbd7 5. Bg5 h6 6. Bh4 Be7 7. e3 O-O 8. Rc1 dxc4 9. Bxc4 a6 10. a4 c5 11. O-O cxd4 {D63: Queen's Gambit Declined: Classical: 7 Rc1} 12. Nxd4 Qb6 $146 ({Predecessor:} 12... Ne5 13. Be2 Ng6 14. Bg3 e5 15. Nf3 e4 16. Nd2 Bf5 17. Qb3 Bd6 18. Rfd1 Bxg3 19. hxg3 {1-0 (45) Brunello,S (2555)-Loiacono,L (2303) Spilimbergo 2018}) 13. Qb3 Qxb3 14. Bxb3 Ne5 15. Rfd1 Bd7 16. Kf1 Rfd8 17. Ke2 Rac8 18. Nb1 Nc6 19. Nxc6 Bxc6 20. f3 g5 21. Be1 Nd7 22. Bc2 Nb6 {Black wants to play ...Rxd1.} 23. b3 Rxd1 24. Kxd1 Nd5 25. Bd2 Rd8 {Strongly threatening ...Nxe3+.} 26. Ke2 Nb4 27. Bd1 f5 28. Rc4 Nd3 29. Ba5 Rd7 30. Rc3 Ne5 31. Bc2 b5 {...b4 is the strong threat.} 32. Bd1 bxa4 33. bxa4 {The position is equal.} Bd5 34. Bb3 Kf7 35. Nd2 Nc6 36. Bxd5 {Accuracy: White = 65%, Black = 67%.} 1/2-1/2

[Event "GAMMA Reykjavik Open 2019"]
[Site "Reykjavik"]
[Date "2019.04.09"]
[Round "3.5"]
[White "Parligras, Mircea-Emilian"]
[Black "Sadzikowski, Daniel"]
[Result "1/2-1/2"]
[WhiteElo "2633"]
[BlackElo "2523"]
[Annotator "TA"]
[PlyCount "88"]
[EventDate "2019.04.04"]
[EventType "swiss"]
[EventCountry "ISL"]
[SourceTitle "playchess.com"]
[Source "ChessBase"]
[SourceQuality "1"]

{[%evp 11,88,0,22,3,22,0,8,0,19,26,28,0,0,0,0,0,0,0,8,0,11,11,8,11,9,8,26,20,28,31,31,28,28,16,28,25,23,7,27,0,5,0,0,0,0,0,0,-52,-20,-20,-20,-20,-20,-22,-22,-22,-22,-22,-22,-22,-22,-22,-22,-22,-22,-22,-22,-22,-15,-15,-15,-15,-15,-15,-15,-15,-8,-8,-8]} 1. Nf3 d5 2. e3 Nf6 3. c4 e6 4. Nc3 Be7 5. b3 O-O 6. Bb2 b6 7. cxd5 {A13: English Opening: 1...e6} exd5 8. Be2 (8. d4 Bb7 9. Bd3 c5 10. O-O Nc6 11. Na4 Ne4 12. dxc5 bxc5 13. Ne5 Bd6 14. Bxe4 dxe4 15. Nc4 Be7 16. Qg4 g6 17. Qxe4 Qc7 18. Nc3 Nb4 {0-1 (50) Duda,J (2738)-Bacrot,E (2684) chess.com INT 2019}) 8... Bb7 9. Rc1 Re8 10. O-O Nbd7 11. Qc2 a6 12. d4 Bd6 13. Rfd1 Qe7 14. Bf1 Rac8 15. g3 $146 Ne4 16. Bh3 Rcd8 (16... Nef6 {looks sharper.} 17. Na4 h5 18. Qf5 g6 19. Qg5 Ng4) 17. Nxe4 dxe4 18. Ne5 Nxe5 19. dxe5 Bxe5 20. Rxd8 Rxd8 21. Bxe5 Qxe5 22. Qxc7 Qxc7 23. Rxc7 $11 {[%mdl 4096] Endgame KRB-KRB} Bd5 24. Kf1 Kf8 25. Ke1 a5 26. Bf1 Rd6 27. Bb5 Be6 28. Rc6 (28. h4 {with more complications.} g6 29. Ba6 Bg4 30. Be2 Be6 31. Bd1) 28... Ke7 29. h4 (29. Rc7+ $11 Kf6 30. Be2) 29... Rxc6 30. Bxc6 $15 {KB-KB. The position is equal.} f5 31. Kd2 Kd6 32. Bb7 b5 33. Kc3 Kc5 34. a3 b4+ 35. axb4+ axb4+ 36. Kc2 Kb6 37. Ba8 Kc7 38. Kb2 h6 39. Kc2 Kd6 40. Bb7 Ke5 41. Ba6 g5 42. hxg5 $1 hxg5 43. Be2 f4 44. Bh5 fxg3 {Accuracy: White = 66%, Black = 50%.} 1/2-1/2

[Event "GAMMA Reykjavik Open 2019"]
[Site "Reykjavik"]
[Date "2019.04.09"]
[Round "3.6"]
[White "Hjartarson, Johann"]
[Black "Hovhannisyan, Robert"]
[Result "0-1"]
[WhiteElo "2520"]
[BlackElo "2630"]
[Annotator "TA"]
[PlyCount "96"]
[EventDate "2019.04.04"]
[EventType "swiss"]
[EventCountry "ISL"]
[SourceTitle "playchess.com"]
[Source "ChessBase"]
[SourceQuality "1"]

{[%evp 9,96,22,37,17,19,13,10,11,21,12,12,-6,-6,-10,0,-16,8,0,5,-10,11,13,13,8,30,3,24,1,36,20,85,22,35,16,36,0,0,-50,-43,-50,-22,-33,-19,-19,-19,-23,-23,-19,-22,-50,-50,-50,-50,-58,-50,-50,-50,-65,-55,-58,-58,-108,-96,-94,-104,-141,-145,-149,-149,-219,-216,-230,-223,-273,-232,-187,-8,-521,-568,-784,-908,-1018,-1100,-1081,-1043,-1192,-1094,-1528,-1507]} 1. e4 e5 2. Nf3 Nc6 3. Bb5 Nf6 4. d3 Bc5 5. Bxc6 dxc6 6. Qe2 {C65: Ruy Lopez: Berlin Defence (3...Nf6), unusual lines and 4 0-0 Bc5} (6. O-O {with more complications.} Qe7 7. Nbd2 Nd7 8. Nc4 a5 9. Ne3) (6. O-O Qe7 7. Nbd2 Bg4 8. h3 Bh5 9. a3 Nd7 10. b4 Bd6 11. g4 Bg6 12. Nc4 h5 13. Kg2 O-O-O {½-½ (41) Anand,V (2773)-Cheparinov,I (2711) Germany 2019}) 6... Bd6 7. Nbd2 Be6 8. O-O {The position is equal.} Nd7 9. Re1 $146 ({Predecessor:} 9. Nb3 f6 10. Na5 Qc8 11. c3 O-O 12. Be3 c5 13. a4 b6 {0-1 (49) Rabczewski,A (1951)-Duszynski,J ICCF email 2017}) 9... c5 10. Nf1 f6 11. c3 Qe7 12. a3 a5 13. d4 cxd4 14. cxd4 exd4 15. Nxd4 O-O 16. Be3 Nc5 17. Qc2 Bd7 18. f3 g6 19. Rac1 Qf7 (19... b6 $11) 20. Nd2 (20. Nf5 $16 {Nh6+ is the strong threat.} Bxf5 21. Bxc5 (21. exf5 b6 $11)) 20... Ne6 $11 21. Nc4 Be7 22. Qc3 b6 23. e5 f5 24. Nd2 c5 (24... Rfd8 {keeps more tension.} 25. Nxe6 Bxe6 26. Qc6 Rac8 27. f4 Bd5) 25. Nxe6 Bxe6 26. Nc4 Bxc4 27. Qxc4 Qxc4 28. Rxc4 a4 29. Rd1 Rfd8 30. Rxd8+ Bxd8 $15 {[%mdl 4096] Endgame KRB-KRB} 31. Kf2 Kf7 32. f4 Ke6 33. Kf3 Be7 34. h3 b5 35. Rc1 c4 36. Ke2 h6 37. g4 Rf8 38. Bd2 g5 39. gxf5+ (39. Rf1 $17) 39... Rxf5 $19 40. Rg1 gxf4 41. Rg6+ Kxe5 {White must now prevent ...Rh5.} 42. Kf3 {[#]} Kd4 $2 (42... Rh5 $1 $19 {[%cal Rh5h3]} 43. Bxf4+ Kd4 44. Rxh6 Rxh6 45. Bxh6 Bf6) 43. Rxh6 $2 {[%mdl 8192]} (43. Bc3+ $1 $11 Kd5 44. Rxh6) 43... Kd3 {Black is clearly winning.} 44. Be1 Bf6 45. Bb4 Bxb2 46. Rd6+ Kc2 47. h4 Kb3 48. Kg4 Rf7 {Accuracy: White = 32%, Black = 62%.} 0-1

[Event "GAMMA Reykjavik Open 2019"]
[Site "Reykjavik"]
[Date "2019.04.09"]
[Round "3.7"]
[White "Tari, Aryan"]
[Black "Salomon, Johan"]
[Result "1/2-1/2"]
[WhiteElo "2615"]
[BlackElo "2495"]
[Annotator "TA"]
[PlyCount "60"]
[EventDate "2019.04.04"]
[EventType "swiss"]
[EventCountry "ISL"]
[SourceTitle "playchess.com"]
[Source "ChessBase"]
[SourceQuality "1"]

{[%evp 9,60,32,39,20,18,17,24,31,16,18,22,19,40,16,16,8,13,13,31,36,50,34,46,31,49,19,24,0,31,33,79,59,50,12,45,-17,-18,-57,-13,-28,-13,-13,-13,-16,0,0,0,0,0,0,-5,-5,-4]} 1. e4 e5 2. Nf3 Nc6 3. Bb5 Nf6 4. d3 d6 5. O-O Bd7 6. c4 {C66: Ruy Lopez: Steinitz Defence} g6 7. Nc3 Bg7 8. h3 {White has an edge.} O-O 9. Be3 a6 10. Ba4 Nh5 11. Bxc6 $146 ({Predecessor:} 11. Nd5 Rb8 12. Rc1 Ne7 13. Bxd7 Qxd7 {1-0 (41) Abdusattorov,N (2540)-Naiditsch,A (2701) Sharjah 2018}) 11... Bxc6 12. d4 exd4 13. Bxd4 Re8 14. Re1 Bxd4 15. Nxd4 Qf6 16. Re3 Nf4 17. b4 Qg5 {[%csl Gf4][%cal Rg5g2] [#]} 18. Rg3 Qe5 (18... Qf6 $5 {[%cal Rc6e4]}) 19. Qd2 Bd7 20. Re1 Be6 21. Nf3 Qf6 22. e5 (22. Nh2 $14) 22... dxe5 $11 23. Nxe5 Rad8 (23... Bxh3 $5 24. Re4 Rxe5 25. Rxf4 Bf5 $15) 24. Qe3 Nd3 25. Nxd3 {The position is equal.} Qxc3 26. Nf4 Qxe3 27. Rgxe3 {[%cal Rf4e6]} Kf8 28. Nxe6+ Rxe6 29. Rxe6 fxe6 30. Rxe6 Rd1+ {Accuracy: White = 53%, Black = 43%.} 1/2-1/2

[Event "GAMMA Reykjavik Open 2019"]
[Site "Reykjavik"]
[Date "2019.04.09"]
[Round "3.8"]
[White "Prithu Gupta"]
[Black "Lagarde, Maxime"]
[Result "1-0"]
[WhiteElo "2478"]
[BlackElo "2612"]
[Annotator "TA"]
[PlyCount "61"]
[EventDate "2019.04.04"]
[EventType "swiss"]
[EventCountry "ISL"]
[SourceTitle "playchess.com"]
[Source "ChessBase"]
[SourceQuality "1"]

{[%evp 14,61,37,27,26,29,49,28,79,75,91,100,170,167,169,187,165,165,166,146,132,7,0,0,0,0,0,0,0,-79,159,117,116,119,94,104,336,337,342,338,335,310,1027,1002,1214,1129,1173,1041,1041,837]} 1. c4 f5 2. Nf3 Nf6 3. g3 g6 4. Bg2 Bg7 5. d4 d6 6. O-O O-O 7. Nc3 Qe8 8. Nd5 Nxd5 {A87: Dutch Defence: Leningrad System: 5 Nf3} 9. cxd5 h6 (9... Nd7 10. Ng5 Nf6 11. Qb3 h6 12. Ne6 Bxe6 13. dxe6 Rb8 14. Bd2 c6 15. Rac1 g5 16. e3 {1-0 (38) Burg,T (2517)-Pruijssers,R (2506) Netherlands 2018}) 10. Bd2 Kh7 (10... Nd7 $11) 11. e4 $146 ({Predecessor:} 11. Rc1 Na6 12. Bc3 b6 13. Ne1 Bb7 14. Nd3 g5 15. f4 Qg6 16. Re1 {½-½ (39) Nguyen,H-Quach,P Hue 2003}) 11... fxe4 12. Nh4 Bf6 (12... c6 $16 {is a better defense.}) 13. Bxe4 $18 Bxh4 14. Qh5 $1 {[%cal Rh5h6][%mdl 64] Double Attack} (14. gxh4 $6 Bf5 $16) 14... Bf6 15. Qxh6+ Kg8 16. Bxg6 {[%csl Gg6][%cal Rh6h7]} Rf7 17. Rae1 (17. Rac1 $16) 17... Nd7 $1 $11 18. Re4 {Rg4 is the strong threat.} Nf8 $1 19. Bh5 $1 $36 {[%mdl 2048] And now Qxf6! would win. White has good play.} Bg7 20. Qe3 {aiming for Rf4.} Bf5 $1 21. Re6 (21. Bxf7+ $11 Qxf7 22. Rxe7 Qxd5 23. Re1 (23. Qg5 Ne6 $11 {[%mdl 64] Double Attack})) 21... c6 $2 (21... Bf6 $17 {White must now prevent ...Qb5.} 22. Re1 Bg6 23. Bxg6 Nxg6) 22. Re1 ({Don't take} 22. Bxf7+ Qxf7 23. Rxe7 Qxd5 $16) 22... cxd5 23. Bxf7+ Qxf7 24. Rxe7 Qh5 $2 {[#]} (24... Qf6 $16) 25. Qb3 $1 $18 {[%cal Rb3b7]} Bh3 {[#]} 26. Rxg7+ $1 {[%mdl 576] Decoy} Kxg7 27. Qxb7+ {[%mdl 64] Double Attack} Nd7 $2 (27... Kg8 28. Bh6 (28. Qxa8 {is a self mate.} Qf3 29. Qxf8+ Kxf8 30. Bh6+ Kf7 31. Re7+ {[%mdl 64] Decoy} Kxe7 32. Bf8+ Kxf8 33. b4 Qg2#) 28... Qxh6 29. Qxd5+ Be6 30. Qxa8 Qg6) 28. Qxa8 {White is clearly winning.} Ne5 29. Bh6+ Kh7 30. Qf8 {[%csl Gh6][%cal Rf8g7]} Nf3+ 31. Kh1 {Accuracy: White = 56%, Black = 42%.} 1-0

[Event "GAMMA Reykjavik Open 2019"]
[Site "Reykjavik"]
[Date "2019.04.09"]
[Round "3.9"]
[White "Petrosian, Tigran L."]
[Black "Hambleton, Aman"]
[Result "1/2-1/2"]
[WhiteElo "2605"]
[BlackElo "2484"]
[Annotator "TA"]
[PlyCount "82"]
[EventDate "2019.04.04"]
[EventType "swiss"]
[EventCountry "ISL"]
[SourceTitle "playchess.com"]
[Source "ChessBase"]
[SourceQuality "1"]

{[%evp 9,82,0,26,0,0,0,7,0,0,0,0,0,0,0,0,-30,-20,-49,0,0,0,0,0,-22,-14,-121,-115,-113,-125,-127,-72,-72,-77,-126,-12,-20,-31,-18,-9,-20,-15,-10,47,42,95,68,39,5,5,0,0,-26,-26,-27,-32,-67,-69,-370,-297,-296,-293,-382,-365,-575,0,0,0,0,0,0,0,0,0,0,0]} 1. Nf3 d5 2. g3 c6 3. Bg2 Bg4 4. h3 Bxf3 5. Bxf3 Nf6 6. Bg2 {A07: Réti Opening: New York and Capablanca Systems} Nbd7 7. O-O e5 8. d3 Bc5 9. Nd2 O-O 10. e4 Re8 11. exd5 $146 ({Predecessor:} 11. Kh1 Qe7 12. Qe2 Rad8 13. f4 dxe4 14. dxe4 exf4 15. gxf4 {0-1 (38) Grigoryan,K (2533)-Cori Tello,J (2601) Barcelona 2016}) 11... cxd5 12. c4 e4 $36 {[%mdl 2048] Black wants to play ...e3. White is under pressure.} 13. Kh2 e3 14. fxe3 Bxe3 15. cxd5 Nb6 16. Ne4 Nbxd5 17. Rxf6 (17. Qf3 $11 Bd4 18. Bg5) 17... gxf6 $17 18. Qf3 Bxc1 19. Rxc1 Kh8 (19... Qb6 $142 $1 20. d4 Rad8) 20. Rc5 {[#]} Re6 $1 21. Rc4 {[#]} Nb6 (21... Qe7 $1 $17 {Threatening ...Rd8.} 22. Ra4 a5) 22. Rc5 $11 Qe7 23. d4 Rd8 24. Rh5 {White wants to mate with Qf5.} Rd5 {Threatens to win with ...Rxh5.} 25. Rh4 $1 Qd8 (25... f5 $11 26. Nc3 Ra5) 26. Nc5 $14 {[%mdl 64] Double Attack} Rc6 (26... Rxd4 $14 27. Nxb7 (27. Nxe6 fxe6 28. Rxd4 Qxd4 $14) 27... Qd7) 27. Qd3 {[%csl Gh4][%cal Rd3h7]} f5 28. Bxd5 Qxd5 29. Qe3 Nc4 30. Qe8+ Kg7 {Hoping for ...Nd2.} 31. Nd7 {Intending Qf8+ and mate.} Qd6 {And now ...Rc7 would win.} 32. Rf4 Rc7 33. Rxf5 $2 {[%mdl 8192]} (33. b3 $15) 33... Rxd7 34. Rg5+ Kh6 35. h4 {aiming for Qe2.} Qe7 36. Qg8 (36. Qh8 {keeps fighting.} f6 37. Rf5) 36... Qe2+ $2 (36... f6 $19 37. g4 fxg5 38. hxg5+ Qxg5 39. Qe6+ Qg6 40. Qxd7 Nd2 41. Qxb7 Ne4) 37. Kh3 {[%csl Gg5][%cal Rg8g7] The position is equal.} Qf1+ 38. Kh2 {[%csl Gg5][%cal Rg8g7]} Qf2+ 39. Kh3 {[%csl Gg5][%cal Rg8g7]} Qf1+ 40. Kh2 {[%csl Gg5][%cal Rg8g7]} Qe2+ 41. Kh3 {[%csl Gg5][%cal Rg8g7]} Qf1+ {Accuracy: White = 41%, Black = 47%.} 1/2-1/2

[Event "GAMMA Reykjavik Open 2019"]
[Site "Reykjavik"]
[Date "2019.04.09"]
[Round "3.10"]
[White "Christiansen, Johan-Sebastian"]
[Black "Sarkar, Justin"]
[Result "1/2-1/2"]
[WhiteElo "2571"]
[BlackElo "2337"]
[Annotator "TA"]
[PlyCount "139"]
[EventDate "2019.04.04"]
[EventType "swiss"]
[EventCountry "ISL"]
[SourceTitle "playchess.com"]
[Source "ChessBase"]
[SourceQuality "1"]

{[%evp 15,139,22,22,22,22,2,26,17,39,35,39,35,47,53,56,47,59,52,56,53,63,44,76,38,29,29,33,31,29,27,50,40,41,33,32,16,67,64,68,45,45,45,41,48,48,38,62,61,54,58,66,41,49,33,56,33,60,51,66,8,8,12,67,0,0,0,0,-8,-8,-8,-8,-8,-8,-85,-23,-23,-23,-24,-24,-27,-8,-8,-8,-47,-8,-8,-8,-43,-8,-12,-20,-8,-8,-63,-64,-64,-64,-64,-64,-70,-8,-8,-8,-8,-8,-8,-8,-8,-8,-8,-8,-8,-8,-8,-8,-8,-8,-8,-8,-8,-8,-8,-8,-8,0,0]} 1. e4 e5 2. Nf3 Nc6 3. Bc4 Nf6 4. d3 Bc5 5. c3 O-O 6. O-O d5 7. exd5 Nxd5 8. Re1 Bg4 9. h3 {C54: Giuoco Piano: 4 c3 Nf6, main lines with 5 d4 and 5 d3} (9. Nbd2 Nb6 10. h3 Bh5 11. Bb3 Kh8 12. Ne4 Bd6 13. g4 Bg6 14. d4 exd4 15. Nxd4 Nxd4 16. Qxd4 Be7 {1-0 (48) Giri,A (2783)-Inarkiev,E (2693) St Petersburg 2018}) 9... Bh5 10. Nbd2 {[%cal Bb1d2,Bd2f1,Bf1g3][%mdl 32]} Bb6 11. Nf1 {White has an edge.} Re8 12. Ng3 Bg6 13. a4 a6 {[#]} 14. Bd2 $146 ({Predecessor:} 14. d4) 14... f6 15. a5 Nxa5 16. Bxd5+ $1 Qxd5 17. c4 {[#]} Nxc4 $1 {[%mdl 512]} 18. dxc4 Qxc4 19. Be3 (19. Rc1 $5 {[%cal Rc1c4]} Qd3 20. Be3 $14) 19... Rad8 20. Qc1 Qxc1 21. Rexc1 Bxe3 22. fxe3 c6 23. Ra3 Rd7 24. Rb3 Kf8 25. Ne2 Bd3 (25... Ra8 $11) 26. Kf2 $14 Red8 27. Ned4 exd4 28. Rxd3 dxe3+ 29. Rxe3 Rd3 30. Re4 Re8 31. Rb4 Re7 32. Rc2 Ke8 33. Nd2 Kd8 34. Nb3 Rd5 35. Rc5 Rxc5 36. Nxc5 {[%mdl 4096] Endgame KRN-KR} Kc8 37. Re4 ({Better is} 37. Kf3 $14) 37... Rxe4 $11 38. Nxe4 {KN-KP} b6 39. Ke3 (39. Ng3 $1 $14) 39... Kd7 40. Kd4 Ke6 41. Nc3 c5+ 42. Ke3 b5 43. g4 Ke5 44. Nb1 {[#]} (44. b3 $11) 44... c4 ({Black should play} 44... g6 $1 $17) 45. Na3 Kd5 46. Nc2 a5 {[%cal Ba6a5,Ba5a4][%mdl 32]} 47. h4 $1 b4 48. h5 $1 g6 49. h6 Kc5 {[%mdl 1024] Black has compensation.} 50. Nd4 a4 51. Ne6+ $1 Kd6 (51... Kd5 $5 {[%cal Rd5e6]} 52. Nf4+ Kc5 $11) 52. Nd4 Kd5 53. Nc2 $1 {[%cal Rc2b4]} Kc5 54. Nd4 (54. Kd2 $1 $11) 54... a3 $15 55. bxa3 bxa3 56. Nc2 a2 57. Ke4 $1 Kb5 (57... Kd6 $15 58. Kd4 f5 59. gxf5 gxf5 60. Kxc4 Ke5) 58. Kd4 $11 {The position is equal.} f5 59. gxf5 gxf5 60. Kc3 {And now Kb2 would win.} Kc5 61. Kb2 f4 {next ...f3 is good for Black.} 62. Kxa2 {KN-K3P} f3 {Strongly threatening ...f2.} 63. Kb2 {Kc3 is the strong threat.} f2 64. Ne3 Kd4 65. Nf1 Kd3 66. Kc1 Ke2 67. Ng3+ Kf3 68. Nf1 {aiming for Kd2.} Kg2 69. Ne3+ Kf3 70. Nf1 $1 {Accuracy: White = 57%, Black = 60%.} 1/2-1/2